| 000 | 00390nam a22001571a 4500 | ||
|---|---|---|---|
| 020 | _a8124605696 | ||
| 082 |
_a780.954 1 _bSHR/E |
||
| 100 | _aShruti Jauhari | ||
| 245 |
_aElements of hindustani classical music/ _cby Shruti Jauhari |
||
| 260 |
_aNew Delhi: _bD K Printworld, _c2011. |
||
| 300 | _a190p. | ||
| 650 | _aHindustani Music | ||
| 650 | _aMusic | ||
| 650 | _aArts | ||
| 942 | _cBK | ||
| 999 |
_c12245 _d12245 |
||